000 00439nam a2200205Ia 4500
001 12804
003 GE_BSU
008 181216s||||||||xx |||||||||||||| ||und||
020 _a0333749588
040 _cGE_BSU
080 _a821.111-312.4
100 _aCollins,Jackie.
245 _aDangetous Kiss.
260 _aLondon.
260 _bMacmillan.
260 _c1999
300 _a488p;24cm.
653 _aDangetous Kiss.
942 _cBK
999 _c45975
_d45975